| 000 | 00922nam a2200241Ia 4500 | ||
|---|---|---|---|
| 003 | OSt | ||
| 005 | 20220918110746.0 | ||
| 006 | a|||||r|||| 00| 0 | ||
| 007 | ta | ||
| 008 | 220915b |||||||| |||| 00| 0 hin d | ||
| 024 | _a217460 | ||
| 037 | _cReference Collections | ||
| 040 |
_aARTS _cARTS _bhin |
||
| 041 |
_2hin _ahin |
||
| 082 | _aO152,6N12x, N4.1-.39(RR) | ||
| 100 | _aप्रभाकर, विष्णु | ||
| 245 | 0 | _aसंपूर्ण निबंध भाग 10,11,12 | |
| 246 | _aSanpūrṇa nibandha bhāg 10,11,12 | ||
| 260 |
_aदिल्ली _bप्रभात प्रका0 _c1994 |
||
| 700 |
_a विष्णु, प्रभाकर, अनु. _99412 |
||
| 942 |
_hO152,6N12x, N4.1-.39(RR) _cREF |
||
| 999 |
_c114542 _d114542 |
||